00769nam a22002297a 4500003000500000005001700005008004100022010000900063011000900072035000900081040000900090100003600099245012900135260004000264300002000304500001100324502009900335650002700434650003400461650002100495650002300516CHAP20220329133439.0971013s1992 r 00010 d a6502 a7474 a6697 cCHAP00aMorales Santacruz, J. Trinidad. aDeterminación de dos modelos óptimos de transporte mediante programación linealb: el caso del sorgo grano de México aChapingo, Méx. :bEl autor,c1992 a137 h.b; mapas a62-143 aTesis (Ing. Agr. Esp. en Economía Agrícola) -- UACH. Departamento de Economía Agrícola14aProgramación lineal.14aSorgoxAspectos económicos.14aSorgoxMercadeo.14aSorgoxTransporte.